| 000 | 00884naa a22002777a 4500 | ||
|---|---|---|---|
| 001 | BR7502631 | ||
| 003 | BR-BrBNA | ||
| 005 | 20240918173731.0 | ||
| 007 | ta | ||
| 008 | 230509b bl.||||| |||| 00| 0 por d | ||
| 040 |
_aBR-BrBNA _bpor _cBiblioteca Nacional de Agricultura |
||
| 041 | _a(Pt) | ||
| 072 |
_aQ30; E70 _b9610 _bG514 |
||
| 090 | _aQ30 BR7502631 | ||
| 100 | 1 | _aMellor, D.B. | |
| 245 | 1 | _aO emprego das embalagens como meio de protecao e comercializacao dos ovos [Brasil] | |
| 260 | 3 |
_aSao Paulo, SP (Brasil): _c[nd]. |
|
| 500 | _aTopicos avicolas Sao Paulo, SP (Brasil): [nd]. p. 83-101 (BR7502631-AM)Q30 | ||
| 650 | _aEmbalagem | ||
| 650 | _aComercializacao | ||
| 650 | _aOvo | ||
| 650 | _aArmazenamento | ||
| 773 | 0 |
_tTopicos avicolas _w6100 BR7502623 _gSao Paulo, SP (Brasil), [nd]. _q387 p. |
|
| 909 |
_a202404 _bLucia _c55 _dLucia Elande |
||
| 942 |
_cAM _2AGRIS |
||
| 999 |
_c306519 _d306519 |
||